An evangelical theology of missions. (Record no. 95)

MARC details
000 -LEADER
fixed length control field 00779cam a2200253 4500
001 - CONTROL NUMBER
control field 834009
003 - CONTROL NUMBER IDENTIFIER
control field GBCCL
005 - DATE AND TIME OF LATEST TRANSACTION
control field 20241126110329.0
008 - FIXED-LENGTH DATA ELEMENTS--GENERAL INFORMATION
fixed length control field 700415s1970 miu 000 0 eng
010 ## -
-- 77095045
040 ## - CATALOGING SOURCE
Original cataloging agency DLC
Transcribing agency DLC
Modifying agency DLC
050 00 -
-- BV2063
-- .L43 1970
082 00 - DEWEY DECIMAL CLASSIFICATION NUMBER
Classification number 266.001
Item number LIN
100 1# - MAIN ENTRY--PERSONAL NAME
Personal name Lindsell, Harold,
Dates associated with a name 1913-1998.
9 (RLIN) 228
245 13 - TITLE STATEMENT
Title An evangelical theology of missions.
250 ## - EDITION STATEMENT
Edition statement [Rev. ed.]
260 ## - PUBLICATION, DISTRIBUTION, ETC.
Place of publication, distribution, etc. Grand Rapids, Mich.,
Name of publisher, distributor, etc. Zondervan Pub. House
Date of publication, distribution, etc. [1970]
300 ## - PHYSICAL DESCRIPTION
Extent 234 p.
Dimensions 21 cm.
490 0# - SERIES STATEMENT
Series statement Contemporary evangelical perspectives
500 ## - GENERAL NOTE
General note 1949 ed. published under title: A Christian philosophy of missions.
650 #0 - SUBJECT ADDED ENTRY--TOPICAL TERM
Topical term or geographic name entry element Missions
General subdivision Theory.
9 (RLIN) 48
906 ## - LOCAL DATA ELEMENT F, LDF (RLIN)
a 7
b cbc
c orignew
d u
e ncip
f 19
g y-gencatlg
942 ## - ADDED ENTRY ELEMENTS (KOHA)
Source of classification or shelving scheme Dewey Decimal Classification
Koha item type Books
Koha issues (borrowed), all copies 7
Holdings
Withdrawn status Lost status Source of classification or shelving scheme Damaged status Not for loan Home library Current Library Shelving location Date acquired Total checkouts Full call number Barcode Date last seen Date last checked out Copy number Price effective from Koha item type
    Dewey Decimal Classification     GRACE BIBLE COLLEGE GRACE BIBLE COLLEGE Ministry & Mission 2016-05-24 8 266 LIN 000562 2025-05-01 2025-01-15 c.1 2016-05-24 Books
© Grace Bible College Library 2025